000 00835nam a22001937a 4500
999 _c69946
_d69946
005 20200309145242.0
010 _aB-472463-67
020 _a40-00
035 _aB-472463-67
037 _bBPPD
082 _a270
245 _aحضر ت مو سی عليہ السلا م کی باتیں /
_cمو لف؛ محمد ا عظم رضا تبسم
_h
246 _aHazrat Musa allaihissalam Ki Baatein /
_bby Mohammed Azam Raza Tabassum
260 _aنئ دھلی
_b ا ر يب پبليکيشنز
_c2011 ء
270 _a1542،پٹو دی ہا ؤس د ر يا گنج
_bنئ دھلی
_e110002
300 _a80 ص
_c22cm(pbk)
942 _2ddc
_cUR
_mم و س
_h270